000 00669nam a22002177a 4500
999 _c16848
_d16848
003 AR-CdUCM
008 190506b ||||| |||| 00| 0 spa d
040 _aMUNICIPALIDAD PROVINCIAL DEL CUSCO
_cBIBLIOTECA MUNICIPAL DEL CUSCO
082 _22ed.
_a818 /
_bT98
100 _aTwain, Mark
_9733
245 _aLas aventuras de Tom Sawyer /
260 _aLima :
_bMarfil,
_c1987.
300 _a270 paginas ;
_bIlustraciones,
_c20 cm.
505 _aContenido : Novela
650 _aNovela
_95
650 _aNovela de aventuras
_936548
650 _aNovela Americana
_94188
650 _aLiteratura Norteamericana
_91382
942 _2ddc
_cLIBROS
945 _awnts
_d2019-05-6